| 000 | 00573cab a22002055a 4500 | ||
|---|---|---|---|
| 001 | L155593 | ||
| 008 | 120329e20120324xxk 000 0 eng d | ||
| 035 | _a(Sirsi) u155593 | ||
| 041 | 0 | _aeng | |
| 100 | 1 | _aBonye, Matthew | |
| 245 | 0 | 0 | _aStrange things happening |
| 260 | _c2012 | ||
| 490 |
_aEstates Gazette _v(1212) 24 March 2012, 88-89(2) |
||
| 520 | _aA Mainly for Students article discussing concurrent, overriding and future leases. | ||
| 590 | _aKA | ||
| 651 | 4 | _aENGLAND AND WALES | |
| 690 | _aLeasing and letting | ||
| 700 | 1 | _aMorgan, Julia | |
| 942 | _n0 | ||
| 999 |
_c83884 _d83884 |
||